Hlubiny srdce /

Hlavní autor: Cartland, Barbara, 1901-2000
Další autoři: Demlová, Markéta
Jazyk: Čeština
Vydáno: Praha : Baronet, 1998
Vydání: Vyd. 1.
Témata:
Externí odkaz: Digitalizovaný dokument
Fyzický popis: 207 s. ; 20 cm
Knihy
Uloženo v:
LEADER 01205nam a2200337 a 4500
001 000378923
003 CZ BrMZK
005 20130311092745.0
007 ta
008 980115s1998 xr g f cze d
015 |a cnb000606366 
020 |a 80-7214-150-3 
035 |a (OCoLC)84961380 
040 |a BOA001  |b cze 
072 7 |a 821.111-3  |x Anglická próza, anglicky psaná  |2 Konspekt  |9 25 
080 |a 821.111-31  |2 MRF 
080 |a (0:82-312.5)  |2 MRF 
100 1 |a Cartland, Barbara,  |d 1901-2000  |7 jn19990001350  |4 aut 
245 1 0 |a Hlubiny srdce /  |c Barbara Cartland ; [z angličtiny přeložila Markéta Demlová] 
250 |a Vyd. 1. 
260 |a Praha :  |b Baronet,  |c 1998 
300 |a 207 s. ;  |c 20 cm 
655 7 |a anglické romány  |7 fd131814  |2 czenas 
655 7 |a milostné romány  |7 fd132840  |2 czenas 
700 1 |a Demlová, Markéta  |7 jn20001103627  |4 trl 
765 0 |t <<The >>unknown hearth 
856 4 1 |u http://www.digitalniknihovna.cz/mzk/uuid/uuid:1a1cc1b0-0675-11e4-b1a4-005056827e52  |y Digitalizovaný dokument  |x NDK 
910 |a BOA001  |b 2-1053.025 
990 |a BK 
991 |f B-CAR 
996 6 |b 2610082971  |c 2-1053.025  |l MZK  |r Sklad / do 1 hodiny  |n 45  |p p.v.  |w 000378923  |u 000010  |a 1  |e BOA001  |j MZK50  |s P